000 00457nam a2200193Ia 4500
005 20250603145901.0
008 250603s9999 xx 000 0 und d
020 _a81-7808-267-5
050 _aQA 76.73.J38 .L56/
100 _aTim Lindholm
245 4 _aThe Java Virtual Machine Specification
250 _a2nd ed.
260 _aCalifornia
260 _bAddison-Wesley
260 _c1999
300 _a473 p
650 _aCalifornia
942 _cBK
999 _c43139
_d43139